[Event "BRA-ch U26 (Women)"]
[Site "Brasilia"]
[Date "2024.10.16"]
[Round "4"]
[White "De Queiroz, Maria Rosa"]
[Black "Dos Santos, Gabrielly Goncalves"]
[Result "0-1"]
[WhiteElo "1800"]
[BlackElo "1695"]
[PlyCount "152"]
[EventDate "2024.10.14"]
[EventType "swiss"]
[EventRounds "6"]
[EventCountry "BRA"]
[SourceTitle "CB43_2024"]
[Source "Chessbase"]
[SourceDate "2024.10.23"]
[SourceVersion "1"]
[SourceVersionDate "2024.10.23"]
[SourceQuality "1"]

1. e4 e5 2. Nf3 Nc6 3. Bc4 Bc5 4. d3 Nf6 5. Nc3 h6 6. Be3 Bxe3 7. fxe3 d6 8. h3 Bd7 9. Qd2 a6 10. 0-0-0 b5 11. Bb3 Na5 12. Bd5 c6 13. Bb3 b4 14. Ne2 Nxb3+ 15. axb3 a5 16. Ng3 g6 17. d4 Qc7 18. Rhf1 Ke7 19. Qd3 Be6 20. Nd2 a4 21. bxa4 Rxa4 22. Nb3 Nd7 23. d5 cxd5 24. exd5 Bf5 25. Nxf5+ gxf5 26. Qxf5 f6 27. Qe6+ Kf8 28. Rf3 Rh7 29. Rdf1 Rf7 30. Rg3 Ra7 31. Rg6 Nc5 32. Qf5 Nxb3+ 33. Kd1 Ra1+ 34. Ke2 Qc4+ 35. Qd3 Qxd3+ 36. cxd3 Rxf1 37. Kxf1 Nc5 38. Ke2 b3 39. Kd2 Ke7 40. Rxh6 f5 41. g3 Rg7 42. g4 fxg4 43. hxg4 Rxg4 44. Rh7+ Kd8 45. Rh8+ Kc7 46. Rh7+ Kb6 47. Kc3 Rg3 48. e4 Rxd3+ 49. Kc4 Rd4+ 50. Kc3 Rxe4 51. Rh8 Rd4 52. Rb8+ Nb7 53. Kxb3 Rxd5 54. Kc4 Rc5+ 55. Kd3 Kc7 56. Rh8 Nd8 57. Rh7+ Kc6 58. b3 Ne6 59. b4 Nf4+ 60. Ke4 Rc4+ 61. Kf5 Rxb4 62. Rh8 Kd5 63. Ra8 Rb5 64. Ra6 Rc5 65. Ra1 Nd3 66. Rd1 e4 67. Rd2 Kd4+ 68. Ke6 d5 69. Kd6 e3 70. Ra2 Rc1 71. Rh2 Nf4 72. Ra2 e2 73. Ra4+ Rc4 74. Ra1 Ke3 75. Ra3+ Kf2 76. Ra2 Kf1 0-1